Culture Générale - Série 1854 - Statistiques

Statistiques générales
  • Ce quiz a été pris 117 fois
  • Le résultat moyen est 4 sur 10
Statistiques - réponses
Question Réponse % Correct
Quelle Elsa fut la muse puis l'épouse de Louis Aragon ? Elsa Triolet
76%
Complétez le titre de l'opéra italien en deux actes de Gioachino Rossini créé en 1817 : "la pie ... voleuse
69%
Quel ancien bagnard, prénommé François Eugène, est devenu un policier célèbre sous le règne de Louis XVIII ? Vidocq
63%
Dans la mythologie grecque, qui est le dieu des bergers ? Pan
45%
Quel acteur français a incarné ce bagnard repenti dans la série télévisée du même nom, de 1971 à 1973 ? Claude Brasseur
39%
C'est un prénom masculin et un alcool fort en 4 lettres Marc
24%
Qui incarnait "Le monocle" dans la série des films du même nom, dans les années 1960 ? Paul Meurisse
22%
Quelle est la devise monétaire de l'Iran ? rial
22%
Quelle ville des Etats Unis, de l'état de New York, est située sur les rives du lac Érié ? Buffalo
19%
Quelle huile essentielle est utilisée pour son parfum enivrant et sa faculté à dissiper les tensions nerveuses ? néroli
5%
Aucun quiz correspondant
Distribution des résultats
% des personnes avec chaque résultat
Percentile par nombre de réponses
Votre historique - résultats
Vous n’avez pas pris ce quiz